000 00478nam a2200205Ia 4500
003 GCL
005 20240530100349.0
008 140319s9999 xx 000 0 eng d
040 _aGCL /
_cGCL
082 0 4 _b759
_bG V
100 1 _aGEMIN, MASSINO
245 1 0 _aVANGOGH /
_cGEMIN, MASSINO
260 _a[S.N] :
_bDIFFUSIEN LARUSSE ،
_c1989
300 _a99 P
650 0 4 _aARTS
650 0 4 _aCOLOUR
650 0 4 _aPAINTING
650 0 4 _aHUMAN FIGURES
942 _2ddc
_cBK
999 _c16978
_d16978